<?xml version="1.0" encoding="UTF-8"?>
<record
    xmlns:xsi="http://www.w3.org/2001/XMLSchema-instance"
    xsi:schemaLocation="http://www.loc.gov/MARC21/slim http://www.loc.gov/standards/marcxml/schema/MARC21slim.xsd"
    xmlns="http://www.loc.gov/MARC21/slim">

  <leader>00939na  a2200289   4500</leader>
  <controlfield tag="001">24310</controlfield>
  <controlfield tag="003">MIRAKIL</controlfield>
  <controlfield tag="005">20181213155334.0</controlfield>
  <controlfield tag="008">180912b        tu            000 0      </controlfield>
  <datafield tag="020" ind1=" " ind2=" ">
    <subfield code="a">9786059038874</subfield>
  </datafield>
  <datafield tag="040" ind1=" " ind2=" ">
    <subfield code="a">Milas</subfield>
    <subfield code="b">tur</subfield>
    <subfield code="c">TR-AnCHP</subfield>
  </datafield>
  <datafield tag="041" ind1=" " ind2=" ">
    <subfield code="a">tur</subfield>
  </datafield>
  <datafield tag="082" ind1=" " ind2=" ">
    <subfield code="a">303.625095667415</subfield>
    <subfield code="b">H51 2017</subfield>
  </datafield>
  <datafield tag="090" ind1=" " ind2=" ">
    <subfield code="a">303.625095667415 H51 2017</subfield>
  </datafield>
  <datafield tag="245" ind1=" " ind2=" ">
    <subfield code="a">Hi&#xE7;bir d&#xFC;&#x15F; yar&#x131;m kalmayacak</subfield>
    <subfield code="b">Suru&#xE7; katliam&#x131; dosyas&#x131;</subfield>
    <subfield code="c">haz&#x131;rlayan Mehmet L&#xFC;tf&#xFC; &#xD6;zdemir</subfield>
  </datafield>
  <datafield tag="246" ind1=" " ind2=" ">
    <subfield code="a">Suru&#xE7; katliam&#x131; dosyas&#x131;</subfield>
  </datafield>
  <datafield tag="250" ind1=" " ind2=" ">
    <subfield code="a">2. bs.</subfield>
  </datafield>
  <datafield tag="260" ind1=" " ind2=" ">
    <subfield code="a">&#x130;stanbul</subfield>
    <subfield code="b">Ceylan Yay&#x131;nlar&#x131;</subfield>
    <subfield code="c">2017</subfield>
    <subfield code="f">Ceylan Matbaas&#x131;</subfield>
  </datafield>
  <datafield tag="300" ind1=" " ind2=" ">
    <subfield code="a">232 s.</subfield>
    <subfield code="b">fot&#x11F;.</subfield>
    <subfield code="c">24 sm.</subfield>
  </datafield>
  <datafield tag="440" ind1=" " ind2=" ">
    <subfield code="a">Ceylan yay&#x131;nlar&#x131;</subfield>
    <subfield code="v">yay&#x131;n numaras&#x131;: 318</subfield>
  </datafield>
  <datafield tag="490" ind1=" " ind2=" ">
    <subfield code="a">Ara&#x15F;t&#x131;rma-&#x130;nceleme</subfield>
  </datafield>
  <datafield tag="650" ind1=" " ind2=" ">
    <subfield code="a">Ter&#xF6;rist faaliyetler</subfield>
  </datafield>
  <datafield tag="650" ind1=" " ind2=" ">
    <subfield code="a">Ter&#xF6;rizm</subfield>
    <subfield code="x">Suru&#xE7;, &#x15E;anl&#x131;urfa (T&#xFC;rkiye)</subfield>
  </datafield>
  <datafield tag="700" ind1=" " ind2=" ">
    <subfield code="a">&#xD6;zdemir, Mehmet L&#xFC;tf&#xFC;</subfield>
    <subfield code="e">haz.</subfield>
  </datafield>
  <datafield tag="740" ind1=" " ind2=" ">
    <subfield code="a">Suru&#xE7; katliam&#x131; dosyas&#x131;</subfield>
  </datafield>
  <datafield tag="942" ind1=" " ind2=" ">
    <subfield code="2">ddc</subfield>
    <subfield code="c">BKS</subfield>
  </datafield>
  <datafield tag="952" ind1=" " ind2=" ">
    <subfield code="a">0001</subfield>
    <subfield code="b">0001</subfield>
    <subfield code="d">2018-09-12</subfield>
    <subfield code="e">2</subfield>
    <subfield code="l">0</subfield>
    <subfield code="o">303.625095667415 H51 2017</subfield>
    <subfield code="p">018388</subfield>
    <subfield code="r">2018-09-12 00:00:00</subfield>
    <subfield code="v">0.00</subfield>
    <subfield code="w">2018-09-12</subfield>
    <subfield code="y">BKS</subfield>
  </datafield>
  <datafield tag="999" ind1=" " ind2=" ">
    <subfield code="c">10811</subfield>
    <subfield code="d">10811</subfield>
  </datafield>
</record>
